Buddisim Majority Coutries Quiz - Statistics

General Stats
  • This quiz has been taken 233 times
  • The average score is 6 of 8
Answer Stats
Hint Answer % Correct
Thailand
92%
Laos
87%
Cambodia
86%
Myanmar
84%
Bhutan
83%
Japan
79%
Sri Lanka
67%
Mongolia
60%
No matching quizzes found
Score Distribution
Percent of People with Each Score
Percentile by Number Answered
Your Score History
You have not taken this quiz